000
00275nam a22001217a 4500
999
_c
5618
_d
5616
005
20210828171343.0
008
171023b xxu||||| |||| 00| 0 eng d
041
_a
eng
082
_a
346.07
245
_a
BUSINESS LOWS, COMMUNICATION AND ETHICS
300
_a
468p.
942
_c
BK